Statistics for Top 20 Words Starting With I

Click here to take the quiz!

General Stats

  • This quiz has been taken 222 times
  • The average score is 8 of 20

Answer Stats

ranklettersword% Correct
41I
100%
12in
98%
22it
96%
32is
95%
52if
90%
64into
71%
74idea
43%
118interest
29%
196itself
24%
1011information
23%
85issue
23%
149important
21%
206indeed
20%
97include
16%
1510individual
9%
128increase
8%
167involve
8%
138industry
7%
189including
5%
179influence
3%

Score Distribution

Percentile by Number Answered

Percent of People with Each Score

Your Score History

You have not taken this quiz